| 000 | 006740000a22002170004500 | ||
|---|---|---|---|
| 001 | 17468 | ||
| 010 | _a972-21-1469-7 | ||
| 090 | _a17468 | ||
| 100 | _a20041220d2002 m y0pory5003 ba | ||
| 101 | 0 | _apor | |
| 102 | _aPT | ||
| 200 | 1 | _aO assobiador | |
| 200 |
_aseguido de uma troca de cartas entre o autor e Ana Paula Tavares _enovela _fOndjaki |
||
| 210 |
_aLisboa _cCaminho _d2002 |
||
| 215 | _a117, [9] p | ||
| 225 | 2 |
_aUma terra sem amos _v124 |
|
| 675 |
_a821.134.3(673)-32"19/20" _vBN _zpor |
||
| 700 | 0 |
_aOndjaki _cpseud. |
|
| 701 | 1 |
_944815 _4070 _aTavares _bAna Paula _f1952- |
|
| 942 |
_cMON _n0 |
||
| 999 |
_a17468 _bBibliobase - BMTAV _c2019-01-21 |
||